<?xml version="1.0" encoding="UTF-8"?>
<marc:record xmlns:marc="http://www.loc.gov/MARC21/slim">
   <marc:leader>00000nam a2200000 a 4500</marc:leader>
   <marc:datafield ind1="1" ind2=" " tag="100">
      <marc:subfield code="a">Wahl, Carolin</marc:subfield>
      <marc:subfield code="4">aut</marc:subfield>
      <marc:subfield code="e">Verfasser/-in</marc:subfield>
   </marc:datafield>
   <marc:datafield ind1=" " ind2=" " tag="653">
      <marc:subfield code="a">Romance</marc:subfield>
   </marc:datafield>
   <marc:datafield ind1=" " ind2=" " tag="653">
      <marc:subfield code="a">Norwegen / Roman</marc:subfield>
   </marc:datafield>
   <marc:datafield ind1="0" ind2="0" tag="245">
      <marc:subfield code="a">Skogen Dynasty</marc:subfield>
   </marc:datafield>
   <marc:datafield ind1="0" ind2="0" tag="245">
      <marc:subfield code="c">Wahl, Carolin</marc:subfield>
   </marc:datafield>
   <marc:datafield ind1=" " ind2="1" tag="264">
      <marc:subfield code="a">Bindlach</marc:subfield>
      <marc:subfield code="b">Loewe Intense</marc:subfield>
      <marc:subfield code="c">2023</marc:subfield>
   </marc:datafield>
   <marc:datafield ind1="1" ind2=" " tag="490">
      <marc:subfield code="a">Crumbling-Hearts</marc:subfield>
      <marc:subfield code="v">1</marc:subfield>
   </marc:datafield>
   <marc:datafield ind1=" " ind2=" " tag="250">
      <marc:subfield code="a">2. Auflage</marc:subfield>
   </marc:datafield>
   <marc:datafield ind1="1" ind2=" " tag="520">
      <marc:subfield code="a">#BookTok Bestseller&#xD;
&#xD;
Er will seinem Erbe entfliehen. Sie will ihres finden. &#xD;
Pferderennen in Ascot, Studium in Cambridge, Formel 1 in Monaco: Aleksander Skogen führt ein Luxusleben. Bis er nach einem skandalösen Video für eine Weile untertauchen muss. Gezwungenermaßen nimmt er daher an einer Trekkingtour durch die Wildnis Norwegens teil. Geführt wird diese von Norah, deren Leben so ziemlich das komplette Gegenteil von Sanders ist. Was passiert, wenn die beiden kollidieren? Können Sie der Wucht des Aufpralls standhalten oder werden ihre so unterschiedlichen Welten von Grund auf erschüttert? &#xD;
&#xD;
Erlebe unvergessliche Herzschlagaugenblicke in Norwegen &#xD;
In ihrem unvergleichlichen Wohlfühlstil verknüpft SPIEGEL-Bestsellerautorin Carolin Wahl in ihrer neuen New Adult-Trilogie Crumbling Hearts rund um das norwegische Keksimperium KOSGEN die Verpflichtungen und Vorzüge des High-Society-Lebens mit den großen Fragen: Was ist Familie? Und wie lassen sich Luxus und Liebe miteinander vereinen? Eine herzerwärmende Slow-Burn-Romance mit viel Natur in Norwegen, High-Society-Glamour, Spice und der großen Liebe.</marc:subfield>
   </marc:datafield>
   <marc:datafield ind1=" " ind2=" " tag="020">
      <marc:subfield code="a">9783743215719</marc:subfield>
      <marc:subfield code="9">9783743215719</marc:subfield>
   </marc:datafield>
   <marc:datafield ind1=" " ind2=" " tag="041">
      <marc:subfield code="a">ger</marc:subfield>
   </marc:datafield>
   <marc:datafield ind1="0" ind2=" " tag="490">
      <marc:subfield code="v">1</marc:subfield>
   </marc:datafield>
   <marc:datafield ind1="1" ind2=" " tag="521">
      <marc:subfield code="a">16+</marc:subfield>
   </marc:datafield>
   <marc:datafield ind1="1" ind2=" " tag="521">
      <marc:subfield code="a">16</marc:subfield>
   </marc:datafield>
   <marc:datafield ind1=" " ind2=" " tag="338">
      <marc:subfield code="a">Band</marc:subfield>
   </marc:datafield>
   <marc:datafield ind1=" " ind2=" " tag="300">
      <marc:subfield code="a">427 Seiten</marc:subfield>
   </marc:datafield>
</marc:record>
